000 00251nam a2200097Ia 4500
001 699454
005 20250826162111.0
008 250824s9999 xx 000 0 und d
245 0 _aKUMRAL ADA MAVİ TUNA/B.UZUNER/EVEREST
_cBUKET UZUNER
260 _bEVEREST
999 _c699454
_d699454